Inquietud / (Record no. 39483)

MARC details
000 -LEADER
campo de control de longitud fija 00589nam a2200181 i 4500
001 - NÚMERO DE CONTROL
campo de control 39483
003 - IDENTIFICADOR DE NÚMERO DE CONTROL
campo de control ES-MaACL
005 - FECHA Y HORA DE LA ÚLTIMA TRANSACCIÓN
campo de control 20230906160010.0
007 - CAMPO FIJO DE DESCRIPCIÓN FÍSICA--INFORMACIÓN GENERAL
campo de control de longitud fija t|
008 - DATOS DE LONGITUD FIJA--INFORMACIÓN GENERAL
campo de control de longitud fija 030303s1969 sp ||||1| spa d
100 1# - ENTRADA PRINCIPAL--NOMBRE DE PERSONA
Nombre de persona Cano, Vicente.
9 (RLIN) 34540
245 10 - MENCIÓN DEL TÍTULO
Título Inquietud /
Mención de responsabilidad, etc. Vicente Cano ; prólogo de Federico Muelas ; ilustrado por Pilar Jiménez y José Mª Martínez Tendero.
260 ## - PUBLICACIÓN, DISTRIBUCIÓN, ETC.
Lugar de publicación, distribución, etc. [Madrid :
Nombre del editor, distribuidor, etc. s.n.,
Fecha de publicación, distribución, etc. 1969]
300 ## - DESCRIPCIÓN FÍSICA
Extensión 110 p., 7 lám. ;
Dimensiones 21 cm.
700 1# - ENTRADA AGREGADA--NOMBRE PERSONAL
Nombre de persona Jiménez, Pilar.
9 (RLIN) 66432
700 1# - ENTRADA AGREGADA--NOMBRE PERSONAL
Nombre de persona Martínez Tendero, José María.
9 (RLIN) 78441
852 ## - LOCALIZACIÓN
Ubicación ES-MaACL
Número de control de estantería C-39519
Sublocalización o colección R.70826
Holdings
Estatus retirado Estado de pérdida Estado de daño No para préstamo Biblioteca de origen Biblioteca actual Ubicación en estantería Fecha de adquisición Fuente de adquisición Total de préstamos Signatura topográfica completa Código de barras Visto por última vez Precio de reemplazo Tipo de ítem Koha
        Biblioteca del Ateneo de Madrid Biblioteca del Ateneo de Madrid Depósito 2 17/01/2008     C-39519 1041581 23/02/2023 23/02/2023 Libro impreso